<?xml version="1.0" encoding="UTF-8"?>
<collection xmlns="http://www.loc.gov/MARC21/slim">
 <record>
  <leader>00419nam a22001455a 4500</leader>
  <controlfield tag="001">EUN.um033931</controlfield>
  <controlfield tag="003">AR-BaUNS</controlfield>
  <controlfield tag="005">20050623122907.0</controlfield>
  <controlfield tag="008">041125s1956####sp############000#0#spa#d</controlfield>
  <datafield tag="245" ind1="1" ind2="0">
   <subfield code="a">Tratado de electrotecnia /</subfield>
   <subfield code="c">Günther Oberdorfer.</subfield>
  </datafield>
  <datafield tag="260" ind1=" " ind2=" ">
   <subfield code="a">Barcelona :</subfield>
   <subfield code="b">Labor,</subfield>
   <subfield code="c">1956.</subfield>
  </datafield>
  <datafield tag="300" ind1=" " ind2=" ">
   <subfield code="a">3 v.</subfield>
  </datafield>
  <datafield tag="100" ind1="1" ind2=" ">
   <subfield code="a">Oberdorfer, Günther.</subfield>
  </datafield>
  <datafield tag="082" ind1="0" ind2="4">
   <subfield code="a">621.3</subfield>
  </datafield>
  <datafield tag="859" ind1=" " ind2=" ">
   <subfield code="a">Ar-BaUNS</subfield>
   <subfield code="b">BIB. CENTRAL - Sector C</subfield>
   <subfield code="h">621.3</subfield>
   <subfield code="i">Ob2</subfield>
   <subfield code="p">955/960</subfield>
   <subfield code="v">v.1</subfield>
  </datafield>
 </record>
</collection>
